| 000 | 00584nam a22001937a 4500 | ||
|---|---|---|---|
| 003 | OSt | ||
| 005 | 20160425125224.0 | ||
| 008 | 160425b xxu||||| |||| 00| 0 eng d | ||
| 020 | _a1853394394 | ||
| 040 | _cDDC. | ||
| 082 | _a338.9AND1998. | ||
| 100 |
_aAnderson,B.Mary;Woodrow,J.Peter. _98218 |
||
| 245 |
_aRising From The Ashes. _bDevelopment strategies in Times of Disaster. |
||
| 260 |
_aUK. _bIntermediate Technology Publications. _c1998. |
||
| 300 |
_ax,338p; _bill; _c25cm. |
||
| 505 | _aincludes Bibliography. | ||
| 650 |
_aDevelopment strategies. _98219 |
||
| 942 |
_2ddc _cSLOAN |
||
| 999 |
_c3718 _d3718 |
||